banner-ar

THE WATERCOLOR FIX IT BOOK / (Record no. 18931)

MARC details
000 -الفاتح
حقل البيانات ثابتة الطول 00460nam a2200181Ia 4500
008 - عناصر البيانات ثابتة الطول - معلومات عامة
حقل البيانات ثابتة الطول 140319s9999 xx 000 0 eng d
040 ## - مصدر الفهرسة
وكالة الفهرسة الأصلية GCL /
وكالة النسخ GCL
082 04 - رقم تصنيف ديوى العشرى
رقم التصنيف 751.422
رقم المادة W W
100 1# - المدخل الرئيسى - إسم شخصى
الإسم الشخصى WAGNER, JUDI
245 10 - بيان العنوان
العنوان THE WATERCOLOR FIX IT BOOK /
بيان المسئوليه,etc WAGNER, JUDI
700 1# - المدخل الاضافى - اسم شخصى
الإسم الشخصى VAN HASSELT, TONY
260 ## - PUBLICATION, DISTRIBUTION, ETC. (IMPRINT)
تاريخ النشر أو التوزيع 1992
300 ## - الوصف المادى
التعداد 132 PP
650 04 - المدخل الاضافى بالموضوع-مصطلح موضوعى
مصطلح موضوعي PAINTING
650 04 - المدخل الاضافى بالموضوع-مصطلح موضوعى
مصطلح موضوعي WATER COLOURS
942 ## - عناصر المدخل الإضافي( كوها)
مصدر التصنيف او مخطط الترفيف Dewey Decimal Classification
Koha [default] item type كتاب
260 ## - PUBLICATION, DISTRIBUTION, ETC. (IMPRINT)
-- [S.N] :
-- NORTH LIGHT BOOKS ،
Holdings
حالة التراجع حالة الفقد حالة تلف ليس للاعارة المكان المؤقت الموقع الحالى تاريخ الاكتساب اجمالي اﻻعارات رقم الطلب الباركود تاريخ اخر مشاهدة تاريخ تفعيل السعر نوع وعاء كوها
        مكتبة القاهرة الكبرى مكتبة القاهرة الكبرى 03/26/2014   751.422\W W 36077 03/26/2014 03/26/2014 كتاب

Powered By

EGPV